Normal view MARC view
  • Jain.T.R.etal

Entry Personal Name

Number of records used in: 3

001 - CONTROL NUMBER

  • control field: 1413

003 - CONTROL NUMBER IDENTIFIER

  • control field: OSt

005 - DATE AND TIME OF LATEST TRANSACTION

  • control field: 20161124152512.0

008 - FIXED-LENGTH DATA ELEMENTS

  • fixed length control field: 161124|| aca||aabn | a|a d

040 ## - CATALOGING SOURCE

  • Original cataloging agency: OSt

100 ## - HEADING--PERSONAL NAME

  • Personal name: Jain.T.R.etal

Powered by Koha